|
|
|
|
| LEADER |
00844nta a2200193 i 4500 |
| 001 |
dipl124718 |
| 005 |
20220329085805.0 |
| 008 |
220329s2021 hu om 0|| hun d |
| 040 |
|
|
|a SZTE Diploma Repozitórium
|b hun
|
| 041 |
|
|
|a hun
|
| 100 |
2 |
|
|a Krisztin-Németh Alexandra
|
| 245 |
1 |
2 |
|a A Huntington kór patogenezisében szerepet játszó mir-6-3 és mir-286 miRNS gének klónozása
|h [elektronikus dokumentum] /
|c Alexandra Krisztin-Németh
|
| 246 |
1 |
0 |
|a The cloning of mir-6-3 and mir-286 miRNA genes involved in the pathogenesis of Huntington's disease
|h [elektronikus dokumentum]
|
| 260 |
|
|
|c 2021
|
| 650 |
|
4 |
|a Természettudományok
|
| 650 |
|
4 |
|a Natural sciences
|
| 650 |
|
4 |
|a Biological sciences
|
| 700 |
1 |
|
|a Zsindely Nóra
|e ths
|
| 856 |
4 |
0 |
|u http://diploma.bibl.u-szeged.hu/id/eprint/124718/1/2021_krisztin_nemeth_alexandra.pdf
|z Dokumentum-elérés
|